000 01636nam a2200241Ia 4500
003 Ost
005 20260507075115.0
008 260507s9999||||xx |||||||||||||| ||und||
020 _a1775621977
040 _cfsecg
041 _aara
082 _a658.409
100 _aس.اليوت، د.روبرت
_eمؤلف
245 0 _aدليل صحة المديرين في مواجهة ضغوط العمل والحياة /
_c د.روبرت س.اليوت
260 _aالقاهرة:
_bمركز الخبرات المهنية للإدارة بميك,
_c1998
300 _a406 صفحة؛
_bإيضاحات ؛
_c24 سم
490 _aسلسلة اصدارت بميك
_v20
520 _aالذين ينفعون دائما من الذين يموتون من الإجهاد العصبي- هل تواجه القاتل الكامن داخل جسمك- كيف يستجيب جسمك للإجهاد العصبي- كل ما يهاجم أجسامنا من الخارج حول الإجهاد العصبي والبيئة- طب الإجهاد العصبي الجديد- تغير الشخصية والعلاج- مؤشرات جودة الحياة- القيم خطوة أساسية نحو علاج الإجهاد العصبي- قوة الإدراك ترويض حديثك مع نفسك- مواجهة ضغوط الحياة الإدارية- إدارة الوقت- التغذية نحو نظام غذائي صحي وسليم- التمرينات البدنية
653 _aالرؤساء والمديرون
653 _aالرؤساء والمديرون- الصحة النفسية
700 _aإصلاح، أحمد
_eمؤلف ثانوي
942 _cكتاب
999 _c43008
_d43008